[Event "Roraima op"]
[Site "Roraima"]
[Date "2013.09.15"]
[Round "6"]
[White "Dos Santos, Ariane Leal Martins"]
[Black "Lima, Jadir Rodrigues"]
[Result "1-0"]
[WhiteElo "1756"]
[BlackElo "1800"]
[PlyCount "31"]
[EventDate "2013.09.13"]
[EventType "swiss"]
[EventRounds "6"]
[EventCountry "BRA"]
[SourceTitle "CBM 156 Extra"]
[Source "ChessBase"]
[SourceDate "2013.10.22"]
[SourceVersion "1"]
[SourceVersionDate "2013.10.22"]
[SourceQuality "1"]

1. e4 c5 2. Bc4 d6 3. Nf3 Nf6 4. Nc3 g6 5. h3 Bg7 6. Ng5 e6 7. d3 0-0 8. Qf3 h6 9. h4 hxg5 10. hxg5 Re8 11. Qh3 Kf8 12. Bb5 Nbd7 13. Qh7 Ke7 14. Qxg7 Rg8 15. Qh7 Rh8 16. Qxh8 1-0